[Event "Eivissa Masters 2021"]
[Site "Ibiza ESP"]
[Date "2021.09.07"]
[Round "2.5"]
[White "Cuenca Jimenez, J."]
[Black "Vasquez Schroeder, R."]
[Result "1-0"]
[WhiteElo "2555"]
[BlackElo "2459"]
[PlyCount "101"]
[EventDate "2021.09.06"]
[SourceVersionDate "2018.05.14"]

1. d4 Nf6 2. c4 e6 3. Nf3 c5 4. d5 d6 5. Nc3 exd5 6. cxd5 g6 7. Bf4 Bg7 8. Qa4+
Bd7 9. Qb3 Qc7 10. e4 O-O 11. Nd2 Nh5 12. Be3 f5 13. exf5 Bxf5 14. Be2 Nf6 15.
O-O a6 16. h3 b5 17. g4 Bc8 18. a4 b4 19. Nce4 Nxe4 20. Nxe4 Kh8 21. Rad1 Qe7
22. Ng5 h6 23. Ne6 Bxe6 24. dxe6 Nc6 25. Bd3 Qh4 26. Be4 Rac8 27. Kg2 Nd4 28.
Bxd4 Bxd4 29. Rxd4 cxd4 30. Bxg6 Qf6 31. Bf7 d3 32. Qxd3 Qxb2 33. Rb1 Qc3 34.
Qg6 Qg7 35. Rxb4 Rc7 36. Qd3 Qf6 37. Rd4 Rd8 38. Rd5 Kg7 39. Rf5 Qb2 40. Rf4
Kh8 41. Rd4 Qb7+ 42. Kh2 Qb2 43. Qe3 Kg7 44. g5 Rc2 45. gxh6+ Kh7 46. Rf4 Re2
47. Qg3 Kh8 48. Qh4 Rc8 49. e7 Re1 50. Rd4 Qb1 51. Qf6+ 1-0

[Event "Eivissa Masters 2021"]
[Site "Ibiza ESP"]
[Date "2021.09.07"]
[Round "3.2"]
[White "Napoli, N."]
[Black "Cuenca Jimenez, J."]
[Result "0-1"]
[WhiteElo "2303"]
[BlackElo "2555"]
[PlyCount "94"]
[EventDate "2021.09.06"]
[SourceVersionDate "2018.05.14"]

1. d4 Nf6 2. c4 e6 3. Nf3 d5 4. g3 Bb4+ 5. Bd2 Be7 6. Bg2 O-O 7. Qc2 c6 8. O-O
Ne4 9. Bf4 Nd7 10. Nc3 g5 11. Be3 Nd6 12. cxd5 exd5 13. Qc1 f6 14. h4 Nc4 15.
Bh3 Nxe3 16. Qxe3 Nb6 17. Bxc8 Rxc8 18. Kg2 gxh4 19. Rh1 f5 20. Nxh4 Bxh4 21.
Rxh4 Rc7 22. Qe6+ Kh8 23. Qe5+ Rg7 24. Rah1 Rf6 25. b3 Nd7 26. Qf4 Nf8 27. Qf3
Ng6 28. Rh5 f4 29. g4 Rff7 30. Kf1 Qd7 31. Na4 Nf8 32. R1h4 Ne6 33. Qd3 Qe7 34.
Qc3 Qf6 35. Rh6 Rg6 36. Qh3 Ng5 37. Rxg6 Qxg6 38. Qc3 f3 39. e3 Qb1+ 40. Qe1
Qd3+ 41. Kg1 Ne4 42. Nc5 Qe2 43. Qf1 Nd2 44. Qa1 Re7 45. Rh2 b6 46. Na4 Rg7 47.
Rh4 Ne4 0-1

[Event "Eivissa Masters 2021"]
[Site "Ibiza ESP"]
[Date "2021.09.08"]
[Round "4.4"]
[White "Cuenca Jimenez, J."]
[Black "Mayans Calvo, M."]
[Result "1-0"]
[WhiteElo "2555"]
[BlackElo "2253"]
[PlyCount "49"]
[EventDate "2021.09.06"]
[SourceVersionDate "2018.05.14"]

1. e4 e6 2. d4 d5 3. Nc3 Nf6 4. Bg5 dxe4 5. Nxe4 Nbd7 6. Nxf6+ Nxf6 7. Nf3 Be7
8. Bd3 c5 9. Qe2 Qa5+ 10. Bd2 Qb6 11. dxc5 Qxb2 12. O-O a6 13. a4 Nd5 14. c4
Nc3 15. Qe3 Bf6 16. Rfc1 Bd7 17. Bxc3 Bxc3 18. Rab1 Qa3 19. Be4 Bb2 20. Rc2
Qxe3 21. fxe3 Bf6 22. Bxb7 Ra7 23. c6 Ke7 24. cxd7 Rb8 25. d8=Q+ 1-0

[Event "Eivissa Masters 2021"]
[Site "Ibiza ESP"]
[Date "2021.09.08"]
[Round "5.3"]
[White "Palozza, Christian"]
[Black "Cuenca Jimenez, J."]
[Result "1/2-1/2"]
[WhiteElo "2273"]
[BlackElo "2555"]
[PlyCount "83"]
[EventDate "2021.09.06"]
[SourceVersionDate "2018.05.14"]

1. d4 Nf6 2. c4 e6 3. Nf3 d5 4. g3 Bb4+ 5. Bd2 Be7 6. Bg2 c6 7. Qc2 Nbd7 8. O-O
b6 9. a4 Ba6 10. b3 O-O 11. Rc1 Ne4 12. Be1 Rc8 13. Nc3 Nxc3 14. Bxc3 dxc4 15.
b4 Bd6 16. Ne5 Nxe5 17. dxe5 Be7 18. b5 cxb5 19. axb5 Bxb5 20. Rxa7 Bc5 21. Rd1
Qe8 22. Bd4 Bxd4 23. Rxd4 c3 24. Ra3 Qe7 25. Rxc3 Rxc3 26. Qxc3 Bxe2 27. Rd6 b5
28. Be4 g6 29. Qd2 Bc4 30. h4 Rb8 31. h5 b4 32. Rd7 Qf8 33. hxg6 hxg6 34. Bxg6
fxg6 35. Qg5 Qe8 36. Re7 Qxe7 37. Qxe7 Bd5 38. Qf6 b3 39. Qxg6+ Kf8 40. Qf6+
Kg8 41. Qg6+ Kf8 42. Qf6+ 1/2-1/2

[Event "Eivissa Masters 2021"]
[Site "Ibiza ESP"]
[Date "2021.09.09"]
[Round "6.3"]
[White "Cuenca Jimenez, J."]
[Black "Zwirs, Nico"]
[Result "1-0"]
[WhiteElo "2555"]
[BlackElo "2442"]
[PlyCount "119"]
[EventDate "2021.09.06"]
[SourceVersionDate "2018.05.14"]

1. d4 Nf6 2. c4 e6 3. Nc3 d5 4. Bg5 Be7 5. Nf3 h6 6. Bxf6 Bxf6 7. e3 O-O 8. Rc1
c6 9. Bd3 Nd7 10. O-O dxc4 11. Bxc4 e5 12. d5 Nb6 13. b3 cxd5 14. Bxd5 Nxd5 15.
Qxd5 Qxd5 16. Nxd5 Bf5 17. Nxe5 Bxe5 18. Ne7+ Kh7 19. Nxf5 Rfd8 20. Rfd1 Rac8
21. g4 g6 22. Nh4 Rxd1+ 23. Rxd1 Rc2 24. Rd7 Kg7 25. Nf3 Bf6 26. a4 b6 27. Nd2
Kf8 28. Ne4 Be7 29. Rxa7 Rb2 30. Rb7 Rxb3 31. a5 Rb4 32. a6 Rxe4 33. a7 Rxg4+
34. Kf1 Ra4 35. Rb8+ Kg7 36. a8=Q Rxa8 37. Rxa8 Bc5 38. Ke2 Kf6 39. Ra7 Ke6 40.
Rb7 Kf6 41. Kd3 Ke6 42. Ra7 Kf6 43. h3 Ke6 44. Rc7 Kf6 45. Ke4 Ke6 46. Rc6+ Kd7
47. Kd5 Ke7 48. Rc7+ Kf6 49. Rb7 g5 50. Rc7 Kg6 51. Rc6+ Kg7 52. Ke5 Bb4 53.
Rxb6 Be1 54. f3 Bf2 55. Ke4 Be1 56. Rc6 Bd2 57. Rc2 Ba5 58. Kf5 Bb6 59. e4 Bd8
60. e5 1-0

[Event "Eivissa Masters 2021"]
[Site "Ibiza ESP"]
[Date "2021.09.09"]
[Round "7.4"]
[White "Movsziszian, K."]
[Black "Cuenca Jimenez, J."]
[Result "0-1"]
[WhiteElo "2502"]
[BlackElo "2555"]
[PlyCount "78"]
[EventDate "2021.09.06"]
[SourceVersionDate "2018.05.14"]

1. g3 d5 2. Nf3 Nf6 3. Bg2 e6 4. O-O Be7 5. c4 O-O 6. b3 c5 7. Bb2 d4 8. e3 Nc6
9. exd4 cxd4 10. Re1 Ng4 11. h3 Nh6 12. d3 f6 13. Na3 e5 14. Nc2 Nf7 15. a3 a5
16. Qd2 f5 17. b4 Bf6 18. b5 Ne7 19. a4 g5 20. Ba3 Re8 21. Rac1 h5 22. Qd1 Ng6
23. c5 h4 24. Nd2 hxg3 25. fxg3 e4 26. dxe4 f4 27. Rf1 d3 28. Ne1 fxg3 29. Qf3
Nf4 30. Nxd3 Ne5 31. Nxe5 Bxe5 32. Qd1 g4 33. Nc4 Bd4+ 34. Kh1 Nxg2 35. Kxg2
gxh3+ 36. Kh1 g2+ 37. Kh2 gxf1=Q 38. Qxf1 Qg5 39. Rc2 Be6 0-1

[Event "Eivissa Masters 2021"]
[Site "Ibiza ESP"]
[Date "2021.09.10"]
[Round "8.2"]
[White "Cuenca Jimenez, J."]
[Black "Minzer, C."]
[Result "1/2-1/2"]
[WhiteElo "2555"]
[BlackElo "2445"]
[PlyCount "83"]
[EventDate "2021.09.06"]
[SourceVersionDate "2018.05.14"]

1. d4 Nf6 2. c4 e6 3. Nf3 d5 4. Nc3 Be7 5. Bf4 O-O 6. e3 b6 7. cxd5 Nxd5 8.
Nxd5 Qxd5 9. Bxc7 Bb4+ 10. Nd2 Ba6 11. Bxb8 Bxf1 12. Kxf1 Raxb8 13. Nf3 Rbc8
14. Qd3 Rc7 15. a3 Be7 16. Ke2 Rfc8 17. Rhd1 f5 18. Kf1 Bd6 19. Rd2 b5 20. Rad1
b4 21. axb4 Bxb4 22. Re2 Rc1 23. Ne1 Rxd1 24. Qxd1 Bxe1 25. Qxe1 Qb5 26. Qd1
Rc4 27. f3 Rb4 28. Qd2 Rb3 29. Kf2 h6 30. Qc2 a5 31. h4 a4 32. h5 Kf7 33. Qc1
Qb8 34. g3 Qb5 35. Qc2 Kg8 36. Kg2 Kh8 37. Qd2 Kg8 38. Rf2 Kh8 39. Qc1 Qd5 40.
Rc2 Kh7 41. Rc3 Qb5 42. Rxb3 1/2-1/2

[Event "Eivissa Masters 2021"]
[Site "Ibiza ESP"]
[Date "2021.09.10"]
[Round "9.5"]
[White "Camacho Collados, M."]
[Black "Cuenca Jimenez, J."]
[Result "1/2-1/2"]
[WhiteElo "2409"]
[BlackElo "2555"]
[PlyCount "27"]
[EventDate "2021.09.06"]
[SourceVersionDate "2018.05.14"]

1. e4 c5 2. Nf3 d6 3. d4 cxd4 4. Nxd4 Nf6 5. Nc3 a6 6. Be2 e5 7. Nb3 Be7 8. O-O
O-O 9. Re1 Be6 10. Bf1 Nbd7 11. Nd5 Nxd5 12. exd5 Bf5 13. a4 Rc8 14. c3 1/2-1/2

[Event "TCh-ESP Div Honor 2021"]
[Site "Toledo ESP"]
[Date "2021.10.11"]
[Round "1.2"]
[White "Moreno Tejera, E."]
[Black "Cuenca Jimenez, J."]
[Result "1/2-1/2"]
[WhiteElo "2442"]
[BlackElo "2550"]
[PlyCount "120"]
[EventDate "2021.10.11"]
[SourceVersionDate "2018.05.14"]
[WhiteTeam "MAGIC EXTREMADURA"]
[BlackTeam "DUOBENIAJAN COSTA CALIDA"]

1. e4 e5 2. Nf3 Nc6 3. d4 exd4 4. Nxd4 Bc5 5. Nb3 Bb6 6. Nc3 Nf6 7. Qe2 O-O 8.
Be3 d5 9. O-O-O d4 10. Bg5 h6 11. Bh4 Qd6 12. Kb1 Ng4 13. Bg3 Qd8 14. Nd5 Re8
15. f3 Nge5 16. c3 d3 17. Qd2 f5 18. Bxd3 Nxd3 19. Qxd3 fxe4 20. fxe4 Bg4 21.
Nxb6 axb6 22. Qc4+ Be6 23. Rxd8 Bxc4 24. Rxa8 Rxa8 25. Bxc7 Bd3+ 26. Ka1 Bxe4
27. Bxb6 Bd5 28. Nc1 Bxg2 29. Rd1 Re8 30. b3 g5 31. Rd6 Kh7 32. Kb2 Ne5 33. Rd2
Bc6 34. c4 h5 35. Bc7 h4 36. Kc3 Nf3 37. Re2 g4 38. Rxe8 Bxe8 39. Kd3 g3 40.
Bxg3 hxg3 41. hxg3 Kg6 42. Ne2 Kf6 43. Ke3 Ng5 44. Kd4 Ne6+ 45. Kd5 Ke7 46. Nd4
Ng5 47. Nf5+ Kf6 48. Nd6 Bc6+ 49. Kc5 Ke5 50. Nb5 Ne4+ 51. Kb6 Nxg3 52. Na7 Bf3
53. c5 Nf5 54. c6 bxc6 55. Nxc6+ Kd6 56. Na5 Kd7 57. Nc4 Bd5 58. Kc5 Be6 59. b4
Bxc4 60. Kxc4 Kc6 1/2-1/2

[Event "TCh-ESP Rapid 2021"]
[Site "Ciudad Real ESP"]
[Date "2021.10.09"]
[Round "1.3"]
[White "Cuenca Jimenez, J."]
[Black "Pascual Aparicio David"]
[Result "1-0"]
[WhiteElo "2550"]
[BlackElo "1374"]
[PlyCount "63"]
[EventDate "2021.10.09"]
[EventType "rapid"]
[SourceVersionDate "2018.05.14"]
[WhiteTeam "DuoBeniajan Costa Calida - A"]
[BlackTeam "Gambito"]

1. e4 g6 2. d4 Bg7 3. c4 d5 4. cxd5 Nf6 5. Nc3 O-O 6. Nf3 e6 7. dxe6 Bxe6 8.
Be2 Re8 9. O-O a6 10. h3 b5 11. a3 Qc8 12. Ng5 Bd7 13. e5 Nh5 14. Bxh5 gxh5 15.
Qxh5 Bf5 16. Qxf7+ Kh8 17. Nce4 Rf8 18. Qd5 c6 19. Qb3 h6 20. Nd6 Qd7 21. Ndf7+
Rxf7 22. Nxf7+ Kh7 23. Nd6 Be6 24. Qc2+ Kg8 25. Qg6 a5 26. Bxh6 Na6 27. Bxg7
Qxg7 28. Qxe6+ Kh7 29. Qf7 Rg8 30. Qxg7+ Rxg7 31. Rac1 Nc7 32. f4 1-0

[Event "TCh-ESP Rapid 2021"]
[Site "Ciudad Real ESP"]
[Date "2021.10.09"]
[Round "2.3"]
[White "Jimenez, Maykol Yefri"]
[Black "Cuenca Jimenez, J."]
[Result "0-1"]
[WhiteElo "2092"]
[BlackElo "2550"]
[PlyCount "108"]
[EventDate "2021.10.09"]
[EventType "rapid"]
[SourceVersionDate "2018.05.14"]
[WhiteTeam "Diagonal Alcorcon - A"]
[BlackTeam "DuoBeniajan Costa Calida - A"]

1. e4 e5 2. c4 Bc5 3. Nc3 Nf6 4. d3 O-O 5. h3 c6 6. Bg5 h6 7. Bh4 d6 8. Qd2
Nxe4 9. Nxe4 Qxh4 10. Nf3 Qe7 11. Nxc5 dxc5 12. O-O-O Nd7 13. Qe3 Qd6 14. g4
Re8 15. g5 h5 16. Nh4 g6 17. f4 Qd4 18. Re1 Nf8 19. Nf3 Qxe3+ 20. Rxe3 Bf5 21.
Nxe5 Ne6 22. Nd7 Red8 23. Nf6+ Kg7 24. Ne4 Bxe4 25. Rxe4 Rd4 26. Rxd4 cxd4 27.
f5 Nxg5 28. Rg1 Nf3 29. Rg3 Nh4 30. fxg6 fxg6 31. Be2 Kf6 32. Kd2 Re8 33. b4
Nf5 34. Rf3 Re3 35. a4 b6 36. a5 bxa5 37. bxa5 Re5 38. Rf1 Rxa5 39. Rb1 Ra2+
40. Ke1 Ne3 41. Bf3 Ra3 42. Be4 Nxc4 43. Rc1 Ne5 44. Rc5 Nxd3+ 45. Bxd3 Rxd3
46. Rxc6+ Kf5 47. h4 Rh3 48. Rc5+ Kf6 49. Rc6+ Kg7 50. Rc7+ Kh6 51. Rxa7 Rxh4
52. Rd7 Rf4 53. Ke2 h4 54. Rd8 Kh5 0-1

[Event "TCh-ESP Rapid 2021"]
[Site "Ciudad Real ESP"]
[Date "2021.10.09"]
[Round "3.3"]
[White "Cuenca Jimenez, J."]
[Black "Garcia Rodriguez, Vi"]
[Result "1-0"]
[WhiteElo "2550"]
[BlackElo "2111"]
[PlyCount "61"]
[EventDate "2021.10.09"]
[EventType "rapid"]
[SourceVersionDate "2018.05.14"]
[WhiteTeam "DuoBeniajan Costa Calida - A"]
[BlackTeam "Nazari - A"]

1. d4 d5 2. c4 c6 3. Nf3 Nf6 4. e3 e6 5. Nbd2 Nbd7 6. Bd3 Be7 7. b3 O-O 8. Bb2
Re8 9. O-O Bf8 10. Qc2 g6 11. Rad1 Bg7 12. h3 Qc7 13. Ne5 b6 14. cxd5 Nxe5 15.
d6 Nf3+ 16. Nxf3 Qxd6 17. e4 Nh5 18. e5 Qd7 19. Bc1 f5 20. exf6 Nxf6 21. Ne5
Qxd4 22. Bxg6 Qxe5 23. Bxe8 Bb7 24. Bb2 Qg5 25. Bxf6 Bxf6 26. Rd7 Be7 27. Rxb7
Rxe8 28. Qxc6 Qg6 29. Rxa7 Bc5 30. Ra4 h5 31. Qe4 1-0

[Event "TCh-ESP Rapid 2021"]
[Site "Ciudad Real ESP"]
[Date "2021.10.09"]
[Round "5.3"]
[White "Cuenca Jimenez, J."]
[Black "Lianes Garcia, Marcos"]
[Result "1/2-1/2"]
[WhiteElo "2550"]
[BlackElo "2409"]
[PlyCount "191"]
[EventDate "2021.10.09"]
[EventType "rapid"]
[SourceVersionDate "2018.05.14"]
[WhiteTeam "DuoBeniajan Costa Calida - A"]
[BlackTeam "Collado Villalba"]

1. d4 g6 2. e4 Bg7 3. c4 c5 4. d5 d6 5. Nc3 e5 6. h4 h6 7. h5 g5 8. g4 Ne7 9.
f3 O-O 10. Nge2 Na6 11. Ng3 Nc7 12. a3 a5 13. Be3 b6 14. Qd2 f6 15. b3 Bd7 16.
Bd3 Qb8 17. O-O Qb7 18. Rab1 Na6 19. Nb5 Bxb5 20. cxb5 Nb8 21. Rfc1 Nd7 22. Nf1
Rfc8 23. Qe2 Rc7 24. Nd2 Nc8 25. Rc2 Bf8 26. Rbc1 Na7 27. Qe1 Be7 28. Ra1 Rac8
29. Qe2 Kf7 30. Bf2 Bf8 31. Be1 Kg8 32. Rca2 Ra8 33. Kg2 Kf7 34. Nc4 Kg8 35. b4
Nxb5 36. Nxa5 Nd4 37. Nxb7 Nxe2 38. Bxe2 Rxb7 39. Bb5 Rc7 40. Bc6 Ra6 41. Kf1
Kf7 42. Ke2 Nb8 43. Bb5 Ra8 44. bxc5 bxc5 45. a4 Be7 46. Kd3 Na6 47. Rb1 Nb8
48. a5 Rca7 49. Kc4 Bd8 50. a6 Ke7 51. Rba1 Bb6 52. Bc6 Nxc6 53. dxc6 Bc7 54.
Rb1 Rxa6 55. Rxa6 Rxa6 56. Rb7 Rxc6 57. Ba5 Kd7 58. Ra7 Kc8 59. Bxc7 Rxc7 60.
Ra8+ Kd7 61. Rh8 Ke6 62. Re8+ Kd7 63. Rh8 Ke6 64. Rxh6 Rb7 65. Rh8 Rb4+ 66. Kd3
Rb3+ 67. Ke2 Rb2+ 68. Ke3 Rh2 69. h6 c4 70. h7 Kf7 71. Rc8 Rxh7 72. Rxc4 Ke6
73. Rc8 Ra7 74. Re8+ Kf7 75. Rd8 Ke7 76. Rb8 Ra3+ 77. Ke2 Ra7 78. Ke3 Rd7 79.
Rb5 Ke6 80. Rb6 Rc7 81. Ra6 Kd7 82. Ra8 Rc3+ 83. Ke2 Rb3 84. Ra7+ Ke6 85. Ra6
Rc3 86. Rb6 Kd7 87. Rb8 Rc8 88. Rb7+ Rc7 89. Rb8 Ra7 90. Ke3 Ra6 91. Rf8 Ke7
92. Rb8 Rc6 93. Ra8 Rc3+ 94. Ke2 Rc5 95. Ra7+ Ke6 96. Ra6 1/2-1/2

[Event "TCh-ESP Rapid 2021"]
[Site "Ciudad Real ESP"]
[Date "2021.10.10"]
[Round "6.3"]
[White "Rodriguez Lopez, David"]
[Black "Cuenca Jimenez, J."]
[Result "0-1"]
[WhiteElo "2146"]
[BlackElo "2550"]
[PlyCount "190"]
[EventDate "2021.10.09"]
[EventType "rapid"]
[SourceVersionDate "2018.05.14"]
[WhiteTeam "Tajamar"]
[BlackTeam "DuoBeniajan Costa Calida - A"]

1. e4 e5 2. Nf3 Nc6 3. Bb5 a6 4. Ba4 Nf6 5. d3 d6 6. c3 g6 7. Nbd2 Bg7 8. Nf1
O-O 9. Ng3 b5 10. Bc2 Bb7 11. O-O Nb8 12. a4 Nbd7 13. Re1 c5 14. Qe2 Re8 15.
Be3 d5 16. h3 Qc7 17. b3 Rac8 18. axb5 axb5 19. Ra7 d4 20. Bd2 Ra8 21. Rea1
Rxa7 22. Rxa7 Qb6 23. Ra1 Nf8 24. b4 dxc3 25. Bxc3 N6d7 26. Bb3 Ne6 27. Qe3 h6
28. Bxe6 Rxe6 29. bxc5 Nxc5 30. Ba5 Qa7 31. Bc3 Qb6 32. Ba5 Qc6 33. Rc1 Qa6 34.
Qxc5 Qxa5 35. Rb1 Bc6 36. d4 exd4 37. Nxd4 Bxd4 38. Qxd4 Qa4 39. Rb4 Qa8 40. f3
Qb8 41. Ne2 Rd6 42. Qc3 Rd1+ 43. Kf2 Qb6+ 44. Kg3 Be8 45. Rd4 Rxd4 46. Qxd4
Qxd4 47. Nxd4 Kf8 48. Kf4 f6 49. Nc2 Ke7 50. e5 Ke6 51. exf6 Kxf6 52. Nb4 Ke6
53. Ke4 Kd6 54. Kd4 Bf7 55. g3 Bc4 56. f4 Bf1 57. h4 h5 58. Nc2 Ke6 59. Kc5 Kf6
60. Ne3 Be2 61. Kb4 Ke6 62. Kc5 Bd3 63. Kd4 Be2 64. Kc5 Kf6 65. Kb4 Bd3 66. Kc3
Be2 67. Kb4 Kf7 68. Nd5 Ke6 69. Ne3 Kd6 70. Kc3 Kc5 71. Nc2 Kd5 72. Kd2 Bc4 73.
Kc3 Ke4 74. Nd4 Bf1 75. Nc6 Kf3 76. Ne5+ Kxg3 77. Nxg6 Kg4 78. Kd4 Kf5 79. Ne7+
Kxf4 80. Nd5+ Kg3 81. Ne3 Be2 82. Kc3 Kxh4 83. Kd2 Bc4 84. Nf5+ Kg5 85. Nd6 Kf4
86. Ke1 h4 87. Kf2 Bd3 88. Nb7 b4 89. Nc5 Bf5 90. Kg2 Ke3 91. Nb3 Be6 92. Nc5
Bf5 93. Nb3 Kd3 94. Nc1+ Kc4 95. Kf3 b3 0-1

[Event "TCh-ESP Rapid 2021"]
[Site "Ciudad Real ESP"]
[Date "2021.10.10"]
[Round "8.2"]
[White "Cuenca Jimenez, J."]
[Black "Idani, P."]
[Result "0-1"]
[WhiteElo "2550"]
[BlackElo "2610"]
[PlyCount "94"]
[EventDate "2021.10.09"]
[EventType "rapid"]
[SourceVersionDate "2018.05.14"]
[WhiteTeam "DuoBeniajan Costa Calida - A"]
[BlackTeam "Silla - Bosch SerInsys"]

1. c4 e6 2. d4 Nf6 3. Nf3 d5 4. g3 dxc4 5. Bg2 c6 6. Ne5 Bb4+ 7. Nc3 Nd5 8. Bd2
Nb6 9. e3 N8d7 10. Nf3 O-O 11. O-O c5 12. Qc2 cxd4 13. Nxd4 Nc5 14. Ne4 Nd3 15.
b3 Bxd2 16. Nxd2 Nb4 17. Qc3 N4d5 18. Bxd5 exd5 19. bxc4 Bh3 20. Rfc1 dxc4 21.
a4 Rc8 22. e4 Qf6 23. a5 Nd7 24. f4 Nc5 25. e5 Qg6 26. Qe3 Nb3 27. N2xb3 cxb3
28. Nxb3 Rc2 29. Nd4 Rg2+ 30. Kh1 Rb2 31. Re1 h5 32. Qc3 Rf2 33. Qe3 Rb2 34.
Qc3 Rf2 35. Qe3 Rb2 36. Qc3 Rg2 37. f5 Qg4 38. Qd3 Rb2 39. Kg1 Rd8 40. Re4 Qxf5
41. Nxf5 Rxd3 42. Nd4 Rg2+ 43. Kh1 Rgd2 44. Ne2 Bf5 45. Rf4 Be6 46. Re1 Re3 47.
Rf2 Bg4 0-1

[Event "TCh-ESP Rapid 2021"]
[Site "Ciudad Real ESP"]
[Date "2021.10.10"]
[Round "9.4"]
[White "Rodrigo Yanguas, M."]
[Black "Cuenca Jimenez, J."]
[Result "0-1"]
[WhiteElo "1992"]
[BlackElo "2550"]
[PlyCount "100"]
[EventDate "2021.10.09"]
[EventType "rapid"]
[SourceVersionDate "2018.05.14"]
[WhiteTeam "Virgen de Atocha"]
[BlackTeam "DuoBeniajan Costa Calida - A"]

1. e4 d6 2. d4 Nf6 3. Nc3 e5 4. Nf3 Nbd7 5. Bc4 Be7 6. O-O O-O 7. Re1 c6 8. a4
h6 9. h3 Re8 10. Qd3 exd4 11. Nxd4 Ne5 12. Qf1 Nxc4 13. Qxc4 Bf8 14. Qd3 d5 15.
e5 Nd7 16. Qg3 Kh8 17. Bf4 Nc5 18. Rad1 a5 19. b3 Bd7 20. Nce2 Ne4 21. Qd3 Qh4
22. Bg3 Nxg3 23. Nxg3 Qf4 24. Nf3 Qb4 25. Nd4 c5 26. Ndf5 Be6 27. Qf3 Rad8 28.
Kh1 Qb6 29. Ne3 d4 30. Ng4 Bd5 31. Ne4 Qg6 32. Qf4 b6 33. Rd3 Be6 34. Rg3 Qf5
35. Qd2 Bd5 36. Rf3 Qg6 37. Qf4 Be6 38. Rg3 Qf5 39. Qd2 Bd5 40. Rf3 Qe6 41. Qf4
f6 42. Qf5 Qxf5 43. Rxf5 Be6 44. Rf3 f5 45. Ng3 fxg4 46. hxg4 Bxg4 47. Rf7 Re7
48. Rf4 Be6 49. Ne4 Rf7 50. Rh4 Be7 0-1